[Event "IECC O-3583"]
[Site "IECC email"]
[Date "2013.02.11"]
[Round "?"]
[White "Calaway, Mark"]
[Black "Khan, Shams Pehlwan"]
[Result "1-0"]
[WhiteElo "1856"]
[BlackElo "1884"]
[PlyCount "121"]
[EventDate "2013.??.??"]
[EventType "swiss (corr)"]
[EventRounds "2"]
[SourceTitle "Telechess CBM 165"]
[Source "ChessBase"]
[SourceDate "2015.03.11"]
[SourceVersion "1"]
[SourceVersionDate "2015.03.11"]
[SourceQuality "1"]
[WhiteTeam "England"]
[BlackTeam "India"]
[WhiteTeamCountry "ENG"]
[BlackTeamCountry "IND"]

1. e4 d5 2. exd5 Nf6 3. Nf3 Qxd5 4. d4 Bg4 5. Be2 e6 6. 0-0 Nc6 7. c4 Qd7 8. Be3 Rd8 9. Nbd2 Be7 10. a3 0-0 11. b4 a6 12. Qb3 Bf5 13. h3 h6 14. Rac1 Ne4 15. Rfd1 Qd6 16. c5 Qd5 17. Nc4 Bf6 18. Nfe5 Ne7 19. Qb2 Bh7 20. Bf4 Nf5 21. Na5 Nxd4 22. Bc4 Bxe5 23. Bxd5 Nf3+ 24. gxf3 Bxb2 25. Bxe4 Bxc1 26. Rxc1 Bxe4 27. fxe4 b6 28. Nc6 Rd7 29. h4 f6 30. a4 f5 31. Ne5 Rd4 32. Ng6 Rf6 33. h5 Rxb4 34. cxb6 Rxb6 35. Bxc7 Rb7 36. e5 Rf8 37. Nxf8 Kxf8 38. Bd6+ Kg8 39. Rc8+ Kh7 40. Kg2 g6 41. hxg6+ Kxg6 42. Re8 Kf7 43. Rf8+ Kg6 44. Rf6+ Kg5 45. Rxe6 h5 46. Re8 f4 47. e6 Kf6 48. e7 Ke6 49. Rh8 f3+ 50. Kxf3 Rxe7 51. Bxe7 Kxe7 52. Rxh5 Kd6 53. Ra5 Kc6 54. Rxa6+ Kb7 55. Rh6 Kc7 56. Ke4 Kb7 57. Kd5 Kc7 58. Rh7+ Kb6 59. f4 Ka5 60. Kc5 Kxa4 61. Rh3 1-0